000 00840nam a2200265Ia 4500
003 OSt
005 20221005075252.0
006 a|||||r|||| 00| 0
007 ta
008 221004b |||||||| |||| 00| 0 ben d
020 _a9788180422270 (HBK)
_c175
024 _a118686
037 _bMPH/6075/4, 14/02/2012, Modern Publishing House
_cTextual
040 _aCRL
_cCRL
_bben
041 _2ben
_aben
082 _aO157,3M76'P6, 168Q1
100 _aChattarji Sharat Chandra
_9609492
245 0 _aPandit ji
260 _aNew Delhi
_bModern Publishing House India
_c2011
300 _a112p.
_ccm.
650 _a BENGALI LITERATURE
650 _aURDU LITERATURE
942 _hO157,3M76'P6, 168Q1
_cTEXL
_2cc
999 _c984221
_d984221